Head first SQL /
| المؤلف الرئيسي: | |
|---|---|
| التنسيق: | كتاب |
| اللغة: | English |
| منشور في: |
Beijing ; Sebastopol, CA :
O'Reilly Media,
c2007.
|
| سلاسل: | Head first series
|
| الموضوعات: | |
| الوصول للمادة أونلاين: | Contributor biographical information Publisher description Table of contents only |
| Classic Catalogue: | View this record in Classic Catalogue |
| LEADER | 01463nam a22003617a 4500 | ||
|---|---|---|---|
| 001 | 29238 | ||
| 003 | BD-DhAAL | ||
| 005 | 20150521100644.0 | ||
| 008 | 150521s2007 cc a 001 0 eng d | ||
| 010 | |a 2008295849 | ||
| 020 | |a 0596526849 | ||
| 020 | |a 9780596526849 | ||
| 020 | |a 9788184043686 | ||
| 035 | |a (OCoLC)ocn170956332 | ||
| 040 | |a YDXCP |c YDXCP |d BAKER |d SXP |d OCLCQ |d LVB |d DLC |d BD-DhAAL | ||
| 050 | 0 | 0 | |a QA76.73.S67 |b B435 2007 |
| 082 | 0 | 0 | |a 005.133 |2 22 |
| 100 | 1 | |a Beighley, Lynn. |9 11195 | |
| 245 | 1 | 0 | |a Head first SQL / |c Lynn Beighley. |
| 260 | |a Beijing ; |a Sebastopol, CA : |b O'Reilly Media, |c c2007. | ||
| 300 | |a xxxv, 571 p. : |b ill. ; |c 24 cm. | ||
| 490 | 0 | |a Head first series | |
| 500 | |a Includes index. | ||
| 500 | |a "A brain-friendly guide"--Cover. | ||
| 541 | |e 29238 | ||
| 650 | 0 | |a SQL (Computer program language) |9 9026 | |
| 650 | 6 | |a SQL (Langage de programmation) |9 11196 | |
| 856 | 4 | 2 | |3 Contributor biographical information |u http://www.loc.gov/catdir/enhancements/fy0912/2008295849-b.html |
| 856 | 4 | 2 | |3 Publisher description |u http://www.loc.gov/catdir/enhancements/fy0915/2008295849-d.html |
| 856 | 4 | 1 | |3 Table of contents only |u http://www.loc.gov/catdir/enhancements/fy1304/2008295849-t.html |
| 942 | |2 ddc |c BK | ||
| 999 | |c 34459 |d 34459 | ||
| 952 | |0 0 |1 0 |2 ddc |4 0 |6 005_133000000000000_BEI |7 0 |9 53795 |a BRACUL |b BRACUL |c GEN |d 2015-05-21 |e Trim Education |l 23 |m 190 |o 005.133 BEI |p 3010029238 |q 2026-06-02 |r 2026-05-20 |s 2026-05-20 |t 1 |w 2015-05-21 |y BK | ||